Statistics for Ultimate Alphabet Quiz

Click here to take the quiz!

General Stats

  • This quiz has been taken 76 times
  • The average score is 10 of 14

Answer Stats

LetterScriptEquivalent Latin% Correct
φGreekf
85%
λGreekl
85%
Hiragana (Japanese)o
85%
ыCyrillic (Russian)y
82%
лCyrillic (Russian)l
80%
Georgiana
77%
Katakana (Japanese)a
77%
بArabicb
75%
ב‬Hebrewb
72%
Thais
64%
նArmeniann
62%
טHebrewt
62%
Hindiu
57%
TogetherBabylon's fault
44%

Score Distribution

Percentile by Number Answered

Percent of People with Each Score

Your Score History

You have not taken this quiz